<?xml version="1.0" encoding="UTF-8"?>
<marc:record xmlns:marc="http://www.loc.gov/MARC21/slim">
   <marc:leader>00000nam a2200000 a 4500</marc:leader>
   <marc:datafield ind1="1" ind2=" " tag="100">
      <marc:subfield code="a">Frost, Mark</marc:subfield>
      <marc:subfield code="4">aut</marc:subfield>
      <marc:subfield code="e">Verfasser/-in</marc:subfield>
   </marc:datafield>
   <marc:datafield ind1="0" ind2="0" tag="245">
      <marc:subfield code="a">Paladin project</marc:subfield>
   </marc:datafield>
   <marc:datafield ind1="0" ind2="0" tag="245">
      <marc:subfield code="c">Frost, Mark</marc:subfield>
   </marc:datafield>
   <marc:datafield ind1=" " ind2="1" tag="264">
      <marc:subfield code="a">Würzburg</marc:subfield>
      <marc:subfield code="b">Arena</marc:subfield>
      <marc:subfield code="c">2014</marc:subfield>
   </marc:datafield>
   <marc:datafield ind1="1" ind2=" " tag="520">
      <marc:subfield code="a">Angaben aus der Verlagsmeldung

Paladin Project. Renn um dein Leben / von Mark Frost

Will West gerät von einem Tag auf den anderen mitten in den epischen Kampf der guten Mächte dieser Welt gegen das ultimativ Böse. Sein Vater ist spurlos verschwunden, die Frau, die zu Hause auf Will wartet, sieht zwar aus wie seine Mutter, aber sie agiert wie eine Fremde. Zum Glück hat Will Helfer an seiner Seite, deren Kräfte weiter reichen als menschliche Vorstellungskraft, und vier großartige Freunde, die keine noch so ungeheure Gefahr scheuen. Es beginnt eine dramatische Jagd - nichts Geringeres steht auf dem Spiel als die Zukunft der gesamten Menschheit!
</marc:subfield>
   </marc:datafield>
   <marc:datafield ind1=" " ind2=" " tag="020">
      <marc:subfield code="a">9783401069258</marc:subfield>
      <marc:subfield code="9">9783401069258</marc:subfield>
   </marc:datafield>
   <marc:datafield ind1=" " ind2=" " tag="020">
      <marc:subfield code="a">340106925X</marc:subfield>
      <marc:subfield code="9">340106925X</marc:subfield>
   </marc:datafield>
   <marc:datafield ind1=" " ind2=" " tag="041">
      <marc:subfield code="a">ger</marc:subfield>
   </marc:datafield>
   <marc:datafield ind1=" " ind2=" " tag="300">
      <marc:subfield code="a">573 S.</marc:subfield>
   </marc:datafield>
</marc:record>
